Pancho Villa /
Más allá de la mitología que a nivel nacional e internacional existe en torno a Villa, Katz se propone aquí rescatar la verdad histórica del personaje y evidenciar el por qué de su relevancia como revolucionario (comandó probablemente el mayor ejército revolucionario que haya habido nunca en Latinoa...
Gardado en:
| Autor Principal: | |
|---|---|
| Formato: | Libro |
| Idioma: | Lingua castelá |
| Publicado: |
México :
Era,
1999, c1998
|
| Temas: | |
| Etiquetas: |
Sen Etiquetas, Sexa o primeiro en etiquetar este rexistro!
|
MARC
| LEADER | 00000nam^a2200000^a^4500 | ||
|---|---|---|---|
| 001 | 000105740 | ||
| 005 | 20250521000000.0 | ||
| 009 | 20260310093509.693 | ||
| 020 | |a 968-411-438-9 | ||
| 037 | |a Acervo ITESO - Biblioteca | ||
| 041 | |a ESP | ||
| 082 | |a 972. 061 |b KAT | ||
| 100 | |a Katz, Friedrich |e (autor) | ||
| 245 | 1 | 0 | |a Pancho Villa / |c F. Katz ; tr. por Paloma Villegas. |
| 264 | 4 | |a México : |b Era, |c 1999, c1998 | |
| 300 | |a 2 v. | ||
| 336 | |a texto |b txt |2 rdacontenido | ||
| 337 | |a sin mediación |b n |2 rdamedio | ||
| 338 | |a volumen |b nc |2 rdasoporte | ||
| 500 | |a Traducción de: The life and times of Pancho Villa | ||
| 520 | |a Más allá de la mitología que a nivel nacional e internacional existe en torno a Villa, Katz se propone aquí rescatar la verdad histórica del personaje y evidenciar el por qué de su relevancia como revolucionario (comandó probablemente el mayor ejército revolucionario que haya habido nunca en Latinoamérica) y, el por qué, junto con Zapata, pervive como unos de los pocos revolucionarios del siglo XX que siguen siendo valorados. | ||
| 649 | |a XX | ||
| 650 | |a Revolucionarios Mexicanos - |x Biografías | ||
| 650 | |a Políticos Mexicanos - |x Biografías | ||
| 650 | |a Política - |z México - |x Historia - |y Revolución Villista, 1914-1920 | ||
| 650 | |a Política - |z México - |x Historia - |y Revolución, 1910-1917 | ||
| 650 | |a México - |x Historia - |y Revolución Villista, 1914-1920 | ||
| 650 | |a México - |x Historia - |y Revolución, 1910-1917 | ||
| 650 | |a México - |x Historia - |y Siglo XX | ||
| 600 | |a Villa, Pancho | ||
| 910 | |a Fondo General | ||
| 920 | |a Impresos - Libros | ||
| 930 | |a Colección General | ||
| 905 | |a 101 | ||
| 901 | |a 0500041627 |b IT1 |c ACC |u 20250521 | ||
| 901 | |a 0500041622 |b IT1 |c ACC |u 20250521 | ||
| 902 | |a https://opac.biblio.iteso.mx/vufind/Record/000105740 | ||